| 000 | 00675nam a2200229Ia 4500 | ||
|---|---|---|---|
| 999 |
_c4462 _d4462 |
||
| 001 | 75847 | ||
| 003 | GBCCL | ||
| 005 | 20241126110519.0 | ||
| 008 | 831212s1983 ph 000 0 eng d | ||
| 035 | _a(OCoLC)10210852 | ||
| 040 |
_aIHT _cIHT _dLBB |
||
| 049 | _aLBBK | ||
| 082 |
_a226.60663 _bPER |
||
| 090 |
_aBS2625.3 _b.P47 1983 |
||
| 100 | 1 |
_aPerdue, Cary Milburn, _d1934- _98331 |
|
| 245 | 1 | 0 |
_aActs analyzed and explained / _cby Cary M. Perdue. |
| 260 |
_aManila, Republic of the Philippines : _bO.M.F. Publishers, _cc1983. |
||
| 300 |
_a197 p. ; _c23 cm. |
||
| 490 | 0 | _aChristian helps series | |
| 630 | 0 | 0 |
_aBible. _pN.T. _pActs _xCommentaries. _98310 |
| 942 |
_2ddc _cBK _05 |
||